LEADER 02136nam 2200517 450 001 9910465933903321 005 20200520144314.0 010 $a0-19-022661-7 035 $a(CKB)3710000000832409 035 $a(EBL)4706335 035 $a(MiAaPQ)EBC4706335 035 $a(Au-PeEL)EBL4706335 035 $a(CaPaEBR)ebr11274840 035 $a(OCoLC)960166245 035 $a(EXLCZ)993710000000832409 100 $a20161013h20172017 uy 0 101 0 $aeng 135 $aur|n|---||||| 181 $2rdacontent 182 $2rdamedia 183 $2rdacarrier 200 10$aBack in the game $ewhy concussion doesn't have to end your athletic career /$fby Jeffrey S. Kutcher M.D. with Joanne C. Gerstner 210 1$aNew York, New York :$cOxford University Press,$d2017. 210 4$d©2017 215 $a1 online resource (273 p.) 300 $aIncludes index. 311 $a0-19-022660-9 327 $aQuick Answers to Common Questions About Sports ConcussionTerms to Know About Concussions and Sports; Resources to Learn More About Sports Concussion; Acknowledgments; Index 330 $aBack in the Game: Why Concussion Doesn't Have to End Your Athletic Career is a timely discussion of sports concussions based on science. The book does not dwell on perpetuating fears about sports and concussion, but rather, having a real-world discussion about what science and medicine knows, what parents and coaches need to understand about the brain injury, evaluation and treatment, and possible post-concussive issues and depression. 606 $aBrain$xConcussion$vPopular works 606 $aBrain$xWounds and injuries$vPopular works 606 $aSports injuries in children 608 $aElectronic books. 615 0$aBrain$xConcussion 615 0$aBrain$xWounds and injuries 615 0$aSports injuries in children. 676 $a617.1/027 700 $aKutcher$b Jeffrey S.$0959214 702 $aGerstner$b Joanne C. 801 0$bMiAaPQ 801 1$bMiAaPQ 801 2$bMiAaPQ 906 $aBOOK 912 $a9910465933903321 996 $aBack in the game$92173354 997 $aUNINA LEADER 01076nam0 22002651i 450 001 UON00423871 005 20231205104838.206 100 $a20130506d1985 |0itac50 ba 101 $ager 102 $aDE 105 $a|||| ||||| 200 1 $aˆDas ‰Unrechtsbewusstsein in der Schuldlehre des Strafrechts$eZugleich ein Leitfaden durch die Moderne Schuldlehre$fArthur Kaufmann 210 $aAalen$cScientia$d1985 215 $a241 p.$d22 cm. 606 $aColpa$xDiritto penale$xGermania$3UONC083826$2FI 620 $dAalen$3UONL000520 676 $a345.43$cDIRITTO PENALE - Germania$v22 700 1$aKaufmann$bArthur$3UONV146545$0150287 712 $aScientia$3UONV247145$4650 801 $aIT$bSOL$c20250926$gRICA 899 $aSIBA - SISTEMA BIBLIOTECARIO DI ATENEO$2UONSI 912 $aUON00423871 950 $aSIBA - SISTEMA BIBLIOTECARIO DI ATENEO$dSI TEORIA POL0178 $eSI FP 3913 5 996 $aUnrechtsbewusstsein in der Schuldlehre des Strafrechts$9276273 997 $aUNIOR